20 Highest Rated Players in 2k 25 - Statistics

General Stats
  • This quiz has been taken 49 times
  • The average score is 16 of 20
Answer Stats
Hint Answer % Correct
98 Nikola Jokic
100%
98 Giannis Antetokounmpo
97%
95 Stephen Curry
97%
95 LeBron James
94%
96 Luka Doncic
94%
95 Kevin Durant
92%
94 Joel Embiid
89%
97 Shai Gilgeous-Alexander
89%
92 Victor Wembanyama
86%
93 Devin Booker
81%
96 Anthony Davis
78%
92 Kyrie Irving
78%
92 Jalen Brunson
75%
93 Anthony Edwards
72%
96 Jayson Tatum
69%
92 Karl Anthony Towns
69%
92 Kawhi Leonard
67%
93 Donovan Mitchell
64%
93 Jaylen Brown
64%
92 Trae Young
53%
No matching quizzes found
Score Distribution
Percent of People with Each Score
Percentile by Number Answered
Your Score History
You have not taken this quiz